| 000 | 00629nam a22001817a 4500 | ||
|---|---|---|---|
| 008 | 161121b xxu||||| |||| 00| 0 eng d | ||
| 020 | _a9780130461063 | ||
| 050 |
_aHD30.2 _b.T87 2005 |
||
| 100 | _aTurban, Efraim. | ||
| 245 |
_aDecision support systems and intelligent systems / _cEfraim Turban, Jay E. Aronson with contributions by Narasimha Bolloju. |
||
| 250 | _a7th ed. | ||
| 260 |
_aUpper Saddle River, NJ : _bPrentice Hall, _cc2001. |
||
| 300 |
_axxiv,936p. _c26p. |
||
| 650 | _aManagement--Data processing. | ||
| 650 | _aDecision support systems. | ||
| 650 | _aExpert systems (Computer science) | ||
| 942 |
_2lcc _cBK |
||
| 999 |
_c47380 _d47380 |
||